International user interfaces /

Guardado en:
Otros Autores: Nielsen, Jakob, 1957-, Del Galdo, Elisa M.
Formato: Libro
Idioma:English
Publicado: New York : Wiley Computer Pub., c1996.
Materias:
Acceso en línea:Contributor biographical information
Publisher description
Table of Contents
Etiquetas: Agregar Etiqueta
Sin Etiquetas, Sea el primero en etiquetar este registro!
LEADER 01036cam a2200265 a 4500
001 DCC.dcic000168
008 960709s1996####nyua##########001#0#eng#d
005 20151123143606.0
245 0 0 |a International user interfaces /  |c edited by Elisa M. del Galdo and Jakob Nielsen. 
260 |a New York :  |b Wiley Computer Pub.,  |c c1996. 
300 |a x, 276 p. :  |b il. ;  |c 24 cm. 
500 |a Includes index. 
020 |a 0471149659 
700 1 |a Nielsen, Jakob,  |d 1957- 
700 1 |a Del Galdo, Elisa M. 
082 0 0 |a 005.4/37  |2 21 
650 0 |a User interfaces (Computer systems) 
650 0 |a Human-computer interaction. 
010 |a  96195519  
040 |a ViAlID  |c ViAlID  |d NNF  |d DLC 
050 0 0 |a QA76.9.U83  |b I57 1996 
856 4 2 |3 Contributor biographical information  |u http://www.loc.gov/catdir/bios/wiley044/96195519.html 
856 4 2 |3 Publisher description  |u http://www.loc.gov/catdir/description/wiley037/96195519.html 
856 4 |3 Table of Contents  |u http://www.loc.gov/catdir/toc/onix05/96195519.html 
859 |a DCIC  |b BIB. COMPUTACION  |p 0288